000 00555nam a22001937a 4500
999 _c172300
_d172300
005 20200131121622.0
010 _aB-83050
020 _a200.00
035 _aB-83050
037 _bBPPD/Pub.
082 _a840.8
100 _aزیب النساء
245 _aسجاد ظہیر جیات و خدمات /
_cزیب النساء
246 _aSajjad Zaheer Hayaat-o-Khidmaat /
_bby Zaibun Nisa
260 _a-
_bKeshav Prakashan
_c1999 ء
270 _a-
_b-
_e-
300 _a373p.
_c22cm(Hb)
942 _2ddc
_cUR
_h840.8
_mس ج ا